01015 a2200157 45000010006000000050017000060080041000230030015000640400040000790800022001192450039001412640035001803000019002155050599002341000024008335479620260407155824.0260407a1967 arg spa dAR-UNSa-BCEJYS aAR-UNSa-BCEJYSbspacAR-UNSa-BCEJYS a316xSociología10aLa sociología en las profesiones 1aBuenos Aires :bPaidósc1967 a231 p.c22 cm. aParte I: Perspectivas sociológicas - 1. La sociología y las otras ciencias sociales,por Neil J. Smelser - 2. La sociología y la educación general en el college,por Martín Bressler - 3. Aplicaciones ideológicas de la sociología,por Nathan Glazer - Parte II: La sociología en las profesiones - 4. Las profesiones jurídicas,por Hans Zeisel - 5. El científico social como testigo calificado en casos judiciales,por Arnold M. Rose - 6. La medicina,por Martín D. Hyman - 7. Asistencia social y bienestar social,por Henry J. Meyer,Eugene Litwak,Edwin J. Thomas y Robert D. Vinter1 aLazarsfeld, Paul F.